A-Z: Answers containing "Thor" - Statistics

General Stats
  • This quiz has been taken 8 times
  • The average score is 7 of 26
Answer Stats
Initial Clue Answer % Correct
A Writer Author
86%
P Large amount Plethora
86%
L Superman's enemy Lex Luthor
71%
H Common, small, British tree Hawthorn
57%
J Pennsylvania town named after a sportsman who played professional football, baseball and basketball, and also won the Olympic decathlon gold medal Jim Thorpe
57%
R Permit officially, again Reauthorise
57%
T Complete, detailed, leaving no stone unturned Thorough
57%
U Not allowed by those in power Unauthorised
43%
B Shrub which produces sloe berries; contains a word for a colour Blackthorn
29%
C Pertaining to both the heart and chest Cardiothoracic
29%
M Isotope of the element whose symbol is Th, with the Greek prefix meaning "middle" Mesothorium
29%
S Breed of cattle whose sharp head appendages do not protrude very far Shorthorn
29%
D Spiky shrub associated with very dry regions Desert-thorn
14%
E The internal framework of the central body part of insects Endothorax
14%
F Spiny plant with flame-coloured berries Firethorn
14%
N Musical instrument whose name is German for "night" and a type of instrument Nachthorn
14%
O The scientific name for the platypus, meaning "duck-like bird-snout" Ornithorhynchus
14%
Q Genus of large plants known for speed of growth Quickthorn
14%
W Royal burgh in the historic county of Wigtownshire, Scotland Whithorn
14%
Y Golden-coloured Australian bird Yellow thornbill
14%
G To remodel (an ancient building) without retaining its original character Grimthorpe
0%
I Within the main body part of insects Intrathoracic
0%
K Tree of the African savannah Knobthorn
0%
V Europe's highest ski resort, in France Val Thorens
0%
X American shrub; the Greek prefix means "yellow" Xanthorhiza
0%
Z The Latin transliteration of the Greek restaurant Ζυθορυχείο Zythorycheío
0%
No matching quizzes found
Score Distribution
Percent of People with Each Score
Percentile by Number Answered
Your Score History
You have not taken this quiz